000 02623cam a2200325 a 4500
999 _c8867
_d8867
001 40193603
003 OCoLC
005 20241126110700.0
008 981015s1998 miua b 001 0 eng
010 _a 98047736
020 _a0801021782 (pbk.)
020 _a9780801021787 (pbk.)
035 _a(OCoLC)40193603
040 _aDLC
_beng
_cDLC
_dBAKER
_dBTCTA
_dYDXCP
_dCFT
_dBDX
_dCFT
_dOCLCF
_dXPQ
_dCIRBC
050 0 0 _aBV2063
_b.L436 1998
082 0 0 _a266
_221
_bLIN
092 0 _a266
_bL7555
100 1 _aLingenfelter, Sherwood G.
_915445
245 1 0 _aTransforming culture :
_ba challenge for Christian mission /
_cSherwood Lingenfelter.
250 _a2nd ed.
260 _aGrand Rapids, Mich. :
_bBaker Books,
_cc1998.
300 _a190 p. :
_bill. ;
_c22 cm.
504 _aIncludes bibliographical references (p. 183-184) and indexes.
505 0 _aTransferring or transforming culture? -- A model for analysis of social order -- Property: the silent enemy of church growth -- Labor and productivity: divisive values in mission -- Generosity and exchange: the stone of stumbling in interpersonal relationships -- Authority and family: the foundation of social order -- Authority and community: the context of local churches -- Disputes, conflicts, and communication: to command or to serve? -- Transforming culture.
520 8 _a"Lingenfelter's book opens with the valuable point that Christians are pilgrims on earth, participants in the culture of Christ. Going beyond the differences between 'collectivistic' cultures and 'individualistic' cultures, he identifies five different social games (hierarchic, egalitarian, etc.) which determine cultural bias and are used in the rest of the book to help identify ideas such as property, privacy, family and authority, dispute resolution and communication, the concepts of borrowing and repaying, and of labor and patronage. He provides helpful grids and a quiz, all to help the reader to identify his or her own social game. This is all valuable for someone preparing to go into the mission field, as cultural bias is brought into mission along with other baggage. It is a book that should be read carefully and thoroughly, as it could be overwhelming for someone preparing to enter the mission field to recognize the responsibility to be sensitive to the cultural games of the people group while at the same time evangelizing to this group" -- Amazon.com.
650 0 _aMissions
_xAnthropological aspects.
_92221
650 0 _aIntercultural communication
_xReligious aspects
_xChristianity.
_91960
650 0 _aChristianity and culture.
_9886
942 _2ddc
_cBK
_03